000 00437nam a2200133Ia 4500
008 100328s9999 xx 000 0 und d
082 _b21767
100 _aअश्क उपेन्द्रनाथ
245 _aपत्थर अले पत्थर
260 _bकरमरकर ग.वा.
630 _aपत्थर अले पत्थर
730 _aपत्थर अले पत्थर
942 _cBOOK
999 _c515751
_d515748